El Salvador: Nuevos pasos en la lucha por la tierra
Αποθηκεύτηκε σε:
| Μορφή: | Κείμενο |
|---|---|
| Ετικέτες: |
Προσθήκη ετικέτας
Δεν υπάρχουν, Καταχωρήστε ετικέτα πρώτοι!
|
MARC
| LEADER | 00000 a a2200000 04500 | ||
|---|---|---|---|
| 001 | 17657 | ||
| 003 | |||
| 040 | |||
| 245 | |a El Salvador: |b Nuevos pasos en la lucha por la tierra | ||
| 773 | |g volumen 17, número 178; páginas 16 | ||
| 999 | |c 37091 |d 37091 | ||
| 773 | 0 | |0 42391 |9 4360 |a Agencia Latinoamericana de Información, ALAI |d Quito, Ecuador: ALAI |o 07248 |t ALAI: |x 08275564 (Servicio mensual de información y documentación) | |
